Historia económica de México : la tecnología, siglos XVI al XX /

Volumen número 12 de 13 tomos a través de los cuales, los distintos autores buscan construir la historia económica de las poblaciones que han habitado el territorio de la república mexicana, desde la llegada del hombre hasta el año 2000. Se describen los diferentes modos en que los pobladores de esa...

Deskribapen osoa

Gorde:
Xehetasun bibliografikoak
Egile nagusia: Corona Treviño, Leonel (autor)
Beste egile batzuk: Semo, Enrique (coordinación y presentación) (coordinación y presentación)
Formatua: Liburua
Hizkuntza:gaztelania
Argitaratua: México : UNAM : Océano, 2004, c2004
Saila:(Historia Económica de México ; 12)
Gaiak:
Etiketak: Etiketa erantsi
Etiketarik gabe, Izan zaitez lehena erregistro honi etiketa jartzen!

MARC

LEADER 00000nam^a2200000^a^4500
001 000163679
005 20250521000000.0
009 20260526125305.34
020 |a 970-651-828-2 
020 |a 970-651-840-1 
037 |a Acervo ITESO - Biblioteca 
041 |a ESP 
082 |a 330. 972  |b HIS V. 12 
100 |a Corona Treviño, Leonel  |e (autor) 
240 1 1 |a [Historia económica de México] 
245 1 0 |a Historia económica de México :  |b la tecnología, siglos XVI al XX /  |c L. Corona Treviño ; coord. y presen. de E. Semo. 
264 4 |a México :  |b UNAM :  |b Océano,  |c 2004, c2004 
300 |a 259 p. 
336 |a texto  |b txt  |2 rdacontenido 
337 |a sin mediación  |b n  |2 rdamedio 
338 |a volumen  |b nc  |2 rdasoporte 
440 1 |a (Historia Económica de México ;  |v 12) 
520 |a Volumen número 12 de 13 tomos a través de los cuales, los distintos autores buscan construir la historia económica de las poblaciones que han habitado el territorio de la república mexicana, desde la llegada del hombre hasta el año 2000. Se describen los diferentes modos en que los pobladores de esa región se han organizado a lo largo de su historia, para producir, distribuir y consumir bienes y servicios. En este número doce, se presenta un panorama histórico del papel que la tecnología ha desempeñado en el desarrollo económico mexicano. El autor de este ejemplar, intenta identificar las raíces tecnológicas del subdesarrollo económico mexicano. Sostiene como tesis que los logros técnicos y tecnológicos han sido insuficientes para generar una dinámica sostenida de acumulación productiva y crecimiento económico. 
649 |a XX 
650 |a Desarrollo Tecnológico -  |z México -  |x Historia -  |y Epoca Colonial, 1517-1821 
650 |a Desarrollo Tecnológico -  |z México -  |x Historia -  |y Siglo XIX 
650 |a Desarrollo Tecnológico -  |z México -  |x Historia -  |y Siglo XX 
650 |a Explotación -  |z México -  |x Historia -  |y Epoca Colonial, 1517-1821 
650 |a Explotación -  |z México -  |x Historia -  |y Siglo XIX 
650 |a Explotación -  |z México -  |x Historia -  |y Siglo XX 
650 |a Recursos Naturales -  |z México -  |x Historia -  |y Epoca Colonial, 1517-1821 
650 |a Recursos Naturales -  |z México -  |x Historia -  |y Siglo XIX 
650 |a Recursos Naturales -  |z México -  |x Historia -  |y Siglo XX 
650 |a Desarrollo de Productos Nuevos -  |z México -  |x Historia -  |y Epoca Colonial, 1517-1821 
650 |a Desarrollo de Productos Nuevos -  |z México -  |x Historia -  |y Siglo XIX 
650 |a Desarrollo de Productos Nuevos -  |z México -  |x Historia -  |y Siglo XX 
650 |a Industrialización -  |z México -  |x Historia -  |y Epoca Colonial, 1517-1821 
650 |a Industrialización -  |z México -  |x Historia -  |y Siglo XIX 
650 |a Industrialización -  |z México -  |x Historia -  |y Siglo XX 
650 |a Sustitución de Importaciones -  |z México -  |x Historia 
650 |a Desarrollo Regional -  |z México -  |x Historia -  |y Epoca Colonial, 1517-1821 
650 |a Desarrollo Regional -  |z México -  |x Historia -  |y Siglo XIX 
650 |a Desarrollo Regional -  |z México -  |x Historia -  |y Siglo XX 
650 |a Política Científica y Tecnológica -  |z México -  |x Historia -  |y Epoca Colonial, 1517-1821 
650 |a Política Científica y Tecnológica -  |z México -  |x Historia -  |y Siglo XIX 
650 |a Política Científica y Tecnológica -  |z México -  |x Historia -  |y Siglo XX 
650 |a Política -  |z México -  |x Historia 
650 |a México -  |x Condiciones Sociales y Culturales 
650 |a México -  |x Condiciones Políticas 
700 |a Semo, Enrique  |e (coordinación y presentación) 
910 |a Fondo General 
920 |a Impresos - Libros 
930 |a Colección General 
905 |a 101 
901 |a 0500097714  |b IT1  |c ACC  |u 20250521 
902 |a https://opac.biblio.iteso.mx/vufind/Record/000163679